[Event "Deutsche Ländermeisterschaft 2024"]
[Site "Tübingen GER"]
[Date "2024.10.05"]
[Round "6"]
[White "Wilmink, Anna"]
[Black "Kovalskyy, Alicia"]
[Result "1-0"]
[Termination "normal"]
[Board "1.6"]
[WhiteElo "1908"]
[BlackElo "1906"]
[WhiteClock "00:24:43"]
[BlackClock "00:19:47"]
[WhiteTeam "Niedersachsen"]
[BlackTeam "Nordrhein-Westfalen"]
[PlyCount "85"]
[WhiteFideId "16273680"]
[BlackFideId "34612130"]
[EventCountry "GER"]
[EventRounds "7"]
[EventType "team-swiss"]
[EventDate "2024.10.02"]

1. e4 {[%clk 01:30:58]} e5 {[%clk 01:30:52]} {[%emt 00:00:08]} 2. Nf3 {[%clk
01:31:22]} {[%emt 00:00:06]} Nc6 {[%clk 01:31:17]} {[%emt 00:00:05]} 3. d4
{[%clk 01:31:46]} {[%emt 00:00:06]} exd4 {[%clk 01:31:43]} {[%emt 00:00:04]} 4.
Nxd4 {[%clk 01:32:11]} {[%emt 00:00:05]} Nf6 {[%clk 01:32:10]} {[%emt
00:00:04]} 5. Nxc6 {[%clk 01:32:27]} {[%emt 00:00:13]} bxc6 {[%clk 01:32:36]}
{[%emt 00:00:04]} 6. Nd2 {[%clk 01:32:36]} {[%emt 00:00:20]} d6 {[%clk
01:32:19]} {[%emt 00:00:48]} 7. Bd3 {[%clk 01:32:00]} {[%emt 00:01:06]} g6
{[%clk 01:32:18]} {[%emt 00:00:31]} 8. O-O {[%clk 01:31:40]} {[%emt 00:00:50]}
Bg7 {[%clk 01:32:35]} {[%emt 00:00:13]} 9. b3 {[%clk 01:31:13]} {[%emt
00:00:57]} O-O {[%clk 01:25:20]} {[%emt 00:07:45]} 10. Rb1 {[%clk 01:25:21]}
{[%emt 00:06:22]} Nd7 {[%clk 01:21:35]} {[%emt 00:04:14]} 11. Bb2 {[%clk
01:22:18]} {[%emt 00:03:34]} Ne5 {[%clk 01:19:37]} {[%emt 00:02:27]} 12. Be2
{[%clk 01:12:34]} {[%emt 00:10:15]} a5 {[%clk 01:16:12]} {[%emt 00:03:55]} 13.
f4 {[%clk 01:09:55]} {[%emt 00:03:09]} Nd7 {[%clk 01:15:55]} {[%emt 00:00:47]}
14. Bxg7 {[%clk 01:09:59]} {[%emt 00:00:26]} Kxg7 {[%clk 01:16:15]} {[%emt
00:00:09]} 15. Bc4 {[%clk 01:00:06]} {[%emt 00:10:23]} Nb6 {[%clk 01:07:10]}
{[%emt 00:09:35]} 16. Bd3 {[%clk 00:59:38]} {[%emt 00:00:58]} d5 {[%clk
01:05:04]} {[%emt 00:02:37]} 17. f5 {[%clk 00:54:10]} {[%emt 00:05:59]} f6
{[%clk 01:00:36]} {[%emt 00:04:57]} 18. fxg6 {[%clk 00:44:40]} {[%emt
00:10:00]} hxg6 {[%clk 01:00:32]} {[%emt 00:00:34]} 19. Qf3 {[%clk 00:44:00]}
{[%emt 00:01:10]} Qd6 {[%clk 00:55:15]} {[%emt 00:05:42]} 20. Rbe1 {[%clk
00:39:35]} {[%emt 00:05:00]} Nd7 {[%clk 00:48:46]} {[%emt 00:06:59]} 21. exd5
{[%clk 00:32:32]} {[%emt 00:07:33]} Ne5 {[%clk 00:37:54]} {[%emt 00:11:22]} 22.
Qg3 {[%clk 00:31:27]} {[%emt 00:01:35]} Qc5+ {[%clk 00:36:23]} {[%emt
00:02:01]} 23. Kh1 {[%clk 00:30:03]} {[%emt 00:01:53]} Nxd3 {[%clk 00:34:50]}
{[%emt 00:02:03]} 24. cxd3 {[%clk 00:30:10]} {[%emt 00:00:24]} cxd5 {[%clk
00:30:18]} {[%emt 00:05:01]} 25. Rc1 {[%clk 00:29:46]} {[%emt 00:00:55]} Qb6
{[%clk 00:30:08]} {[%emt 00:00:40]} 26. Rxc7+ {[%clk 00:27:07]} {[%emt
00:03:08]} Rf7 {[%clk 00:30:02]} {[%emt 00:00:36]} 27. Rxf7+ {[%clk 00:23:41]}
{[%emt 00:03:56]} Kxf7 {[%clk 00:30:00]} {[%emt 00:00:33]} 28. Nf3 {[%clk
00:23:16]} {[%emt 00:00:55]} Bf5 {[%clk 00:29:29]} {[%emt 00:01:01]} 29. Nh4
{[%clk 00:22:50]} {[%emt 00:00:56]} Qe6 {[%clk 00:24:05]} {[%emt 00:05:54]} 30.
Nxf5 {[%clk 00:19:01]} {[%emt 00:04:20]} gxf5 {[%clk 00:23:52]} {[%emt
00:00:42]} 31. Qh4 {[%clk 00:18:34]} {[%emt 00:00:56]} Qe5 {[%clk 00:22:12]}
{[%emt 00:02:11]} 32. Re1 {[%clk 00:16:39]} {[%emt 00:02:25]} Qc3 {[%clk
00:21:26]} {[%emt 00:01:16]} 33. Qh7+ {[%clk 00:15:24]} {[%emt 00:01:45]} Kf8
{[%clk 00:21:48]} {[%emt 00:00:08]} 34. Rg1 {[%clk 00:13:03]} {[%emt 00:02:50]}
Rd8 {[%clk 00:20:46]} {[%emt 00:01:32]} 35. Qxf5 {[%clk 00:12:44]} {[%emt
00:00:49]} Kf7 {[%clk 00:21:03]} {[%emt 00:00:13]} 36. Rf1 {[%clk 00:12:10]}
{[%emt 00:01:05]} Qd4 {[%clk 00:20:59]} {[%emt 00:00:33]} 37. Qh7+ {[%clk
00:10:47]} {[%emt 00:01:53]} Kf8 {[%clk 00:19:44]} {[%emt 00:01:45]} 38. Qh8+
{[%clk 00:10:23]} {[%emt 00:00:54]} Ke7 {[%clk 00:19:59]} {[%emt 00:00:15]} 39.
Qg7+ {[%clk 00:10:18]} {[%emt 00:00:35]} Ke6 {[%clk 00:20:16]} {[%emt
00:00:14]} 40. Re1+ {[%clk 00:09:55]} {[%emt 00:00:53]} Kf5 {[%clk 00:20:38]}
{[%emt 00:00:08]} 41. Qh7+ {[%clk 00:02:47]} {[%emt 00:07:37]} Kg5 {[%clk
00:20:28]} {[%emt 00:00:38]} 42. Rf1 {[%clk 00:02:00]} {[%emt 00:01:19]} Qe5
{[%clk 00:19:47]} {[%emt 00:01:10]} 43. Qg7+ {[%clk 00:24:43]} {[%emt
00:07:49]} 1-0

[Event "Deutsche Ländermeisterschaft 2024"]
[Site "Tübingen GER"]
[Date "2024.10.05"]
[Round "6"]
[White "Fischermann, Simon"]
[Black "Brunner, Sophia"]
[Result "0-1"]
[Termination "normal"]
[Board "1.7"]
[WhiteElo "1873"]
[BlackElo "1863"]
[WhiteClock "00:23:15"]
[BlackClock "00:16:20"]
[WhiteTeam "Nordrhein-Westfalen"]
[BlackTeam "Niedersachsen"]
[PlyCount "74"]
[WhiteFideId "34620869"]
[BlackFideId "12960683"]
[EventCountry "GER"]
[EventRounds "7"]
[EventType "team-swiss"]
[EventDate "2024.10.02"]

1. e4 {[%clk 01:30:58]} {[%emt 00:00:01]} c5 {[%clk 01:30:54]} {[%emt
00:00:06]} 2. Nc3 {[%clk 01:31:22]} {[%emt 00:00:05]} e6 {[%clk 01:31:14]}
{[%emt 00:00:11]} 3. d4 {[%clk 01:31:38]} {[%emt 00:00:14]} cxd4 {[%clk
01:30:51]} {[%emt 00:00:53]} 4. Qxd4 {[%clk 01:32:04]} {[%emt 00:00:03]} Nc6
{[%clk 01:31:07]} {[%emt 00:00:15]} 5. Qd2 {[%clk 01:32:28]} {[%emt 00:00:05]}
Bb4 {[%clk 01:26:13]} {[%emt 00:05:25]} 6. a3 {[%clk 01:25:01]} {[%emt
00:07:58]} Bxc3 {[%clk 01:19:44]} {[%emt 00:06:59]} 7. Qxc3 {[%clk 01:24:39]}
{[%emt 00:00:52]} Qf6 {[%clk 01:18:29]} {[%emt 00:01:44]} 8. Qxf6 {[%clk
01:24:09]} {[%emt 00:01:00]} Nxf6 {[%clk 01:18:50]} {[%emt 00:00:09]} 9. f3
{[%clk 01:24:32]} {[%emt 00:00:07]} d5 {[%clk 01:17:54]} {[%emt 00:01:26]} 10.
exd5 {[%clk 01:23:31]} {[%emt 00:01:32]} Nxd5 {[%clk 01:18:07]} {[%emt
00:00:17]} 11. Ne2 {[%clk 01:21:36]} {[%emt 00:02:24]} e5 {[%clk 01:15:28]}
{[%emt 00:03:09]} 12. Bd2 {[%clk 01:21:23]} {[%emt 00:00:44]} Be6 {[%clk
01:14:19]} {[%emt 00:01:39]} 13. Nc3 {[%clk 01:19:50]} {[%emt 00:02:03]} Nxc3
{[%clk 01:13:07]} {[%emt 00:01:42]} 14. Bxc3 {[%clk 01:20:01]} {[%emt
00:00:19]} O-O-O {[%clk 01:10:53]} {[%emt 00:02:44]} 15. Bd3 {[%clk 01:19:47]}
{[%emt 00:00:42]} f6 {[%clk 01:10:30]} {[%emt 00:00:54]} 16. O-O-O {[%clk
01:19:51]} {[%emt 00:00:26]} h6 {[%clk 01:06:50]} {[%emt 00:04:10]} 17. Rhe1
{[%clk 01:17:54]} {[%emt 00:02:27]} Rd6 {[%clk 01:04:59]} {[%emt 00:02:21]} 18.
Rd2 {[%clk 01:10:57]} {[%emt 00:07:28]} Rhd8 {[%clk 01:04:05]} {[%emt
00:01:24]} 19. Rf2 {[%clk 01:09:32]} {[%emt 00:01:54]} Bd7 {[%clk 00:57:37]}
{[%emt 00:06:58]} 20. f4 {[%clk 01:06:33]} {[%emt 00:03:29]} exf4 {[%clk
00:50:33]} {[%emt 00:07:35]} 21. Rxf4 {[%clk 01:05:33]} {[%emt 00:01:29]} Re6
{[%clk 00:48:24]} {[%emt 00:02:38]} 22. Rxe6 {[%clk 00:59:17]} {[%emt
00:06:47]} Bxe6 {[%clk 00:46:36]} {[%emt 00:02:19]} 23. b4 {[%clk 00:56:46]}
{[%emt 00:03:00]} Ne7 {[%clk 00:42:11]} {[%emt 00:04:55]} 24. Kb2 {[%clk
00:54:25]} {[%emt 00:02:50]} Nd5 {[%clk 00:41:11]} {[%emt 00:01:30]} 25. Re4
{[%clk 00:54:17]} {[%emt 00:00:36]} Nxc3 {[%clk 00:40:43]} {[%emt 00:01:01]}
26. Rxe6 {[%clk 00:52:17]} {[%emt 00:02:30]} Nd5 {[%clk 00:40:58]} {[%emt
00:00:15]} 27. Be4 {[%clk 00:44:02]} {[%emt 00:08:43]} Kc7 {[%clk 00:32:42]}
{[%emt 00:08:48]} 28. Bxd5 {[%clk 00:21:15]} {[%emt 00:23:18]} Rxd5 {[%clk
00:33:04]} {[%emt 00:00:07]} 29. Re7+ {[%clk 00:21:40]} {[%emt 00:00:05]} Rd7
{[%clk 00:33:26]} {[%emt 00:00:07]} 30. Rxd7+ {[%clk 00:21:52]} {[%emt
00:00:20]} Kxd7 {[%clk 00:33:48]} {[%emt 00:00:08]} 31. Kc3 {[%clk 00:22:20]}
{[%emt 00:00:01]} b5 {[%clk 00:30:03]} {[%emt 00:04:15]} 32. Kd4 {[%clk
00:22:13]} {[%emt 00:00:37]} Kd6 {[%clk 00:30:19]} {[%emt 00:00:13]} 33. c4
{[%clk 00:22:10]} {[%emt 00:00:34]} bxc4 {[%clk 00:30:39]} {[%emt 00:00:10]}
34. Kxc4 {[%clk 00:22:39]} {[%emt 00:00:01]} Kc6 {[%clk 00:24:59]} {[%emt
00:06:10]} 35. b5+ {[%clk 00:22:42]} {[%emt 00:00:27]} Kb6 {[%clk 00:22:13]}
{[%emt 00:03:16]} 36. a4 {[%clk 00:22:57]} {[%emt 00:00:16]} f5 {[%clk
00:21:24]} {[%emt 00:01:19]} 37. Kd5 {[%clk 00:23:15]} {[%emt 00:00:11]} Ka5
{[%clk 00:16:20]} {[%emt 00:05:35]} 0-1

[Event "Deutsche Ländermeisterschaft 2024"]
[Site "Tübingen GER"]
[Date "2024.10.05"]
[Round "6"]
[White "Baklan, Kira"]
[Black "Fischermann, Charlotte"]
[Result "1-0"]
[Termination "normal"]
[Board "1.8"]
[WhiteElo "1550"]
[BlackElo "1657"]
[WhiteClock "00:32:10"]
[BlackClock "01:13:14"]
[WhiteTeam "Niedersachsen"]
[BlackTeam "Nordrhein-Westfalen"]
[PlyCount "65"]
[WhiteFideId "34186514"]
[BlackFideId "34619690"]
[EventCountry "GER"]
[EventRounds "7"]
[EventType "team-swiss"]
[EventDate "2024.10.02"]

1. e4 {[%clk 01:30:59]} {[%emt 00:00:01]} e5 {[%clk 01:30:54]} {[%emt
00:00:06]} 2. Nf3 {[%clk 01:31:24]} {[%emt 00:00:05]} Nc6 {[%clk 01:31:19]}
{[%emt 00:00:04]} 3. d4 {[%clk 01:31:44]} {[%emt 00:00:11]} exd4 {[%clk
01:31:20]} {[%emt 00:00:29]} 4. Nxd4 {[%clk 01:32:05]} {[%emt 00:00:09]} Nxd4
{[%clk 01:30:08]} {[%emt 00:01:42]} 5. Qxd4 {[%clk 01:32:29]} {[%emt 00:00:06]}
c6 {[%clk 01:29:33]} {[%emt 00:01:05]} 6. Nc3 {[%clk 01:32:26]} {[%emt
00:00:33]} Qe7 {[%clk 01:28:05]} {[%emt 00:01:57]} 7. Be2 {[%clk 01:31:25]}
{[%emt 00:01:31]} Qb4 {[%clk 01:26:24]} {[%emt 00:02:10]} 8. Qxb4 {[%clk
01:31:43]} {[%emt 00:00:13]} Bxb4 {[%clk 01:26:50]} {[%emt 00:00:04]} 9. Bd2
{[%clk 01:30:37]} {[%emt 00:01:36]} Nf6 {[%clk 01:26:13]} {[%emt 00:01:08]} 10.
Bd3 {[%clk 01:28:41]} {[%emt 00:02:26]} O-O {[%clk 01:25:56]} {[%emt 00:00:46]}
11. O-O {[%clk 01:29:04]} {[%emt 00:00:07]} Re8 {[%clk 01:26:03]} {[%emt
00:00:23]} 12. Rfe1 {[%clk 01:27:55]} {[%emt 00:01:39]} d6 {[%clk 01:25:44]}
{[%emt 00:00:49]} 13. a3 {[%clk 01:27:45]} {[%emt 00:00:40]} Ba5 {[%clk
01:25:43]} {[%emt 00:00:31]} 14. b4 {[%clk 01:26:40]} {[%emt 00:01:35]} Bb6
{[%clk 01:25:58]} {[%emt 00:00:15]} 15. h3 {[%clk 01:26:15]} {[%emt 00:00:55]}
Be6 {[%clk 01:25:46]} {[%emt 00:00:42]} 16. Be3 {[%clk 04:45:16]} {[%emt
00:01:27]} Bc7 {[%clk 01:25:29]} {[%emt 00:00:46]} 17. Bd4 {[%clk 01:23:15]}
{[%emt 00:02:34]} Nd7 {[%clk 01:24:51]} {[%emt 00:01:09]} 18. f4 {[%clk
01:20:31]} {[%emt 00:03:14]} f6 {[%clk 01:24:26]} {[%emt 00:00:55]} 19. Kh1
{[%clk 01:08:43]} {[%emt 00:12:18]} Nb6 {[%clk 01:23:54]} {[%emt 00:01:01]} 20.
Re3 {[%clk 00:56:29]} {[%emt 00:12:44]} Nc4 {[%clk 01:23:35]} {[%emt 00:00:49]}
21. Rg3 {[%clk 00:51:54]} {[%emt 00:05:06]} Kf8 {[%clk 01:22:44]} {[%emt
00:01:20]} 22. Rf1 {[%clk 00:43:49]} {[%emt 00:08:35]} Nxa3 {[%clk 01:20:13]}
{[%emt 00:03:01]} 23. e5 {[%clk 00:43:46]} {[%emt 00:00:33]} Kf7 {[%clk
01:17:44]} {[%emt 00:02:58]} 24. Bxh7 {[%clk 00:42:22]} {[%emt 00:01:55]} Rh8
{[%clk 01:17:05]} {[%emt 00:01:08]} 25. Bg6+ {[%clk 00:39:40]} {[%emt
00:03:14]} Ke7 {[%clk 01:16:58]} {[%emt 00:00:35]} 26. exf6+ {[%clk 00:38:02]}
{[%emt 00:02:09]} gxf6 {[%clk 01:16:55]} {[%emt 00:00:34]} 27. Ne4 {[%clk
00:31:46]} {[%emt 00:06:45]} Rhf8 {[%clk 01:16:42]} {[%emt 00:00:43]} 28. Rxa3
{[%clk 00:31:51]} {[%emt 00:00:26]} f5 {[%clk 01:14:50]} {[%emt 00:02:22]} 29.
Ng5 {[%clk 00:31:32]} {[%emt 00:00:48]} Rg8 {[%clk 01:14:32]} {[%emt 00:00:48]}
30. Bh7 {[%clk 00:31:33]} {[%emt 00:00:29]} Rgf8 {[%clk 01:14:24]} {[%emt
00:00:38]} 31. Re3 {[%clk 00:31:49]} {[%emt 00:00:13]} Rfe8 {[%clk 01:12:49]}
{[%emt 00:02:06]} 32. Rxe6+ {[%clk 00:32:00]} {[%emt 00:00:20]} Kd7 {[%clk
01:13:14]} {[%emt 00:00:05]} 33. Rxe8 {[%clk 00:32:10]} {[%emt 00:00:19]} 1-0

[Event "Deutsche Ländermeisterschaft 2024"]
[Site "Tübingen GER"]
[Date "2024.10.05"]
[Round "6"]
[White "Hinrichs, Paul"]
[Black "Haack, Kevin"]
[Result "1/2-1/2"]
[Termination "normal"]
[Board "2.1"]
[BlackTitle "FM"]
[WhiteElo "2264"]
[BlackElo "2305"]
[WhiteClock "00:54:48"]
[BlackClock "00:45:25"]
[WhiteTeam "Rheinland-Pfalz"]
[BlackTeam "Hessen"]
[PlyCount "44"]
[WhiteFideId "12942545"]
[BlackFideId "16228715"]
[EventCountry "GER"]
[EventRounds "7"]
[EventType "team-swiss"]
[EventDate "2024.10.02"]

1. d4 {[%clk 01:30:55]} {[%emt 00:00:04]} d5 {[%clk 01:30:54]} {[%emt
00:00:06]} 2. c4 {[%clk 01:31:19]} {[%emt 00:00:06]} c6 {[%clk 01:31:21]}
{[%emt 00:00:03]} 3. Nf3 {[%clk 01:31:35]} {[%emt 00:00:14]} Nf6 {[%clk
01:31:46]} {[%emt 00:00:05]} 4. Nc3 {[%clk 01:32:01]} {[%emt 00:00:05]} e6
{[%clk 01:32:10]} {[%emt 00:00:06]} 5. e3 {[%clk 01:31:19]} {[%emt 00:01:11]}
Nbd7 {[%clk 01:32:29]} {[%emt 00:00:11]} 6. Qc2 {[%clk 01:31:20]} {[%emt
00:00:29]} b6 {[%clk 01:32:37]} {[%emt 00:00:22]} 7. cxd5 {[%clk 01:25:45]}
{[%emt 00:06:05]} cxd5 {[%clk 01:24:40]} {[%emt 00:08:26]} 8. Nb5 {[%clk
01:23:04]} {[%emt 00:03:11]} Bb4+ {[%clk 01:23:58]} {[%emt 00:01:13]} 9. Bd2
{[%clk 01:23:33]} {[%emt 00:00:01]} Bxd2+ {[%clk 01:24:03]} {[%emt 00:00:25]}
10. Nxd2 {[%clk 01:24:01]} {[%emt 00:00:02]} O-O {[%clk 01:24:14]} {[%emt
00:00:19]} 11. a4 {[%clk 01:23:22]} {[%emt 00:01:09]} Ne8 {[%clk 01:15:52]}
{[%emt 00:08:51]} 12. Bd3 {[%clk 01:21:52]} {[%emt 00:02:00]} h6 {[%clk
01:15:56]} {[%emt 00:00:28]} 13. O-O {[%clk 01:21:19]} {[%emt 00:01:02]} a6
{[%clk 01:15:54]} {[%emt 00:00:31]} 14. Nc3 {[%clk 01:21:21]} {[%emt 00:00:28]}
Bb7 {[%clk 01:13:26]} {[%emt 00:02:59]} 15. Rfc1 {[%clk 01:17:40]} {[%emt
00:04:11]} Nd6 {[%clk 01:11:34]} {[%emt 00:02:22]} 16. Ne2 {[%clk 01:10:46]}
{[%emt 00:07:25]} Rc8 {[%clk 01:02:34]} {[%emt 00:09:29]} 17. Qb3 {[%clk
01:10:51]} {[%emt 00:00:25]} Rxc1+ {[%clk 00:58:41]} {[%emt 00:04:23]} 18. Rxc1
{[%clk 01:08:33]} {[%emt 00:02:47]} Qb8 {[%clk 00:58:56]} {[%emt 00:00:16]} 19.
Qa3 {[%clk 01:06:55]} {[%emt 00:02:09]} Rc8 {[%clk 00:55:57]} {[%emt 00:03:28]}
20. b4 {[%clk 01:05:12]} {[%emt 00:02:12]} Rxc1+ {[%clk 00:45:59]} {[%emt
00:10:29]} 21. Qxc1 {[%clk 01:05:35]} {[%emt 00:00:07]} Qc8 {[%clk 00:45:58]}
{[%emt 00:00:31]} 22. Qxc8+ {[%clk 00:54:48]} {[%emt 00:11:17]} Bxc8 {[%clk
00:45:25]} {[%emt 00:01:03]} 1/2-1/2

[Event "Deutsche Ländermeisterschaft 2024"]
[Site "Tübingen GER"]
[Date "2024.10.05"]
[Round "6"]
[White "Sydykov, Bayastan"]
[Black "Weber, Nikita"]
[Result "1-0"]
[Termination "normal"]
[Board "2.2"]
[WhiteTitle "FM"]
[WhiteElo "2268"]
[BlackElo "2130"]
[WhiteClock "00:32:55"]
[BlackClock "00:37:41"]
[WhiteTeam "Hessen"]
[BlackTeam "Rheinland-Pfalz"]
[PlyCount "55"]
[WhiteFideId "13829610"]
[BlackFideId "34608770"]
[EventCountry "GER"]
[EventRounds "7"]
[EventType "team-swiss"]
[EventDate "2024.10.02"]

1. e4 {[%clk 01:30:56]} {[%emt 00:00:03]} c6 {[%clk 01:30:55]} {[%emt
00:00:06]} 2. d4 {[%clk 01:31:21]} {[%emt 00:00:04]} d5 {[%clk 01:31:21]}
{[%emt 00:00:04]} 3. Nc3 {[%clk 01:31:43]} {[%emt 00:00:09]} dxe4 {[%clk
01:31:47]} {[%emt 00:00:05]} 4. Nxe4 {[%clk 01:32:07]} {[%emt 00:00:06]} Nf6
{[%clk 01:32:15]} {[%emt 00:00:01]} 5. Nxf6+ {[%clk 01:32:30]} {[%emt
00:00:08]} exf6 {[%clk 01:32:39]} {[%emt 00:00:05]} 6. Be3 {[%clk 01:32:54]}
{[%emt 00:00:07]} Bd6 {[%clk 01:28:58]} {[%emt 00:04:10]} 7. Bd3 {[%clk
01:33:08]} {[%emt 00:00:16]} Na6 {[%clk 01:20:37]} {[%emt 00:08:51]} 8. a3
{[%clk 01:33:10]} {[%emt 00:00:28]} Nc7 {[%clk 01:13:43]} {[%emt 00:07:25]} 9.
c4 {[%clk 01:26:25]} {[%emt 00:07:15]} O-O {[%clk 01:11:04]} {[%emt 00:03:09]}
10. Ne2 {[%clk 01:24:41]} {[%emt 00:02:14]} Bg4 {[%clk 01:10:35]} {[%emt
00:00:58]} 11. O-O {[%clk 01:23:43]} {[%emt 00:01:28]} Ne6 {[%clk 01:08:40]}
{[%emt 00:02:26]} 12. Qc2 {[%clk 01:21:55]} {[%emt 00:02:17]} Bxe2 {[%clk
01:07:42]} {[%emt 00:01:27]} 13. Qxe2 {[%clk 01:15:47]} {[%emt 00:06:39]} Qc7
{[%clk 01:06:01]} {[%emt 00:02:12]} 14. g3 {[%clk 01:13:18]} {[%emt 00:02:58]}
Rfe8 {[%clk 01:05:17]} {[%emt 00:01:15]} 15. Qf3 {[%clk 01:05:19]} {[%emt
00:08:28]} Nf8 {[%clk 00:52:20]} {[%emt 00:13:27]} 16. Rfd1 {[%clk 01:00:28]}
{[%emt 00:05:21]} a5 {[%clk 00:50:23]} {[%emt 00:02:27]} 17. b4 {[%clk
00:52:30]} {[%emt 00:08:28]} axb4 {[%clk 00:50:23]} {[%emt 00:00:30]} 18. c5
{[%clk 00:52:32]} {[%emt 00:00:28]} bxa3 {[%clk 00:48:06]} {[%emt 00:02:47]}
19. cxd6 {[%clk 00:52:37]} {[%emt 00:00:25]} Qxd6 {[%clk 00:48:35]} {[%emt
00:00:02]} 20. d5 {[%clk 00:43:52]} {[%emt 00:09:14]} c5 {[%clk 00:44:33]}
{[%emt 00:04:32]} 21. Rdb1 {[%clk 00:39:19]} {[%emt 00:05:03]} b6 {[%clk
00:38:22]} {[%emt 00:06:41]} 22. Bf4 {[%clk 00:35:35]} {[%emt 00:04:14]} Qd8
{[%clk 00:37:40]} {[%emt 00:01:13]} 23. Bb5 {[%clk 00:35:11]} {[%emt 00:00:53]}
Re7 {[%clk 00:37:53]} {[%emt 00:00:17]} 24. Bc6 {[%clk 00:35:21]} {[%emt
00:00:21]} Ra5 {[%clk 00:38:04]} {[%emt 00:00:19]} 25. Rxa3 {[%clk 00:35:25]}
{[%emt 00:00:26]} Rea7 {[%clk 00:38:05]} {[%emt 00:00:28]} 26. Rxa5 {[%clk
00:34:00]} {[%emt 00:01:55]} Rxa5 {[%clk 00:38:00]} {[%emt 00:00:35]} 27. Re1
{[%clk 00:33:12]} {[%emt 00:01:17]} Nd7 {[%clk 00:37:41]} {[%emt 00:00:49]} 28.
Qg4 {[%clk 00:32:55]} {[%emt 00:00:47]} 1-0